000 00647nam a22002177a 4500
003 UA-OsUOA
001 127546
007 ta
008 20171204b un ||||| |||| 00| 0 ukr d
100 _aМарченко М.В.
090 _a34
_bМ30
942 _cSA
040 _aUA-OsUOA
_bukr
_cUA-OsUOA
_dUA-OsUOA
245 _aКонституційно-правова природа права вето глави держави
300 _aС.47-52
955 _a0
041 _aukr
080 _a34
773 0 _w127536
_tЕкономіка. Фінанси. Право.
_dК.
_d2017
_g10
650 7 _a34 Право. Юриспруденція
_2UDC
999 _c414670
_d414670